| 000 | 00570cam a2200217 i 4500 | ||
|---|---|---|---|
| 001 | 833043 | ||
| 005 | 20180208052803.0 | ||
| 008 | 770831s1977 iau b 001 0 eng | ||
| 010 | _a 77077555 | ||
| 020 | _a0840317255 | ||
| 040 |
_aDLC _cDLC _dDLC |
||
| 041 | _aeng | ||
| 080 | _a616.89025 NAS | ||
| 082 | 0 | 0 | _a616.89025 NAS |
| 100 | _a49 | ||
| 101 | _aPSI | ||
| 245 | 0 | 0 |
_aCrisis intervention / _c[edited by] Stanley Nass. |
| 504 | _aIncludes bibliographical references and index. | ||
| 906 |
_a7 _bcbc _corignew _d2 _eopcn _f19 _gy-gencatlg |
||
| 942 |
_2ddc _cBK |
||
| 999 |
_c42127 _d42127 |
||